Top 25 richest german cities - Statistics

General Stats
  • This quiz has been taken 99 times
  • The average score is 12 of 25
Answer Stats
GDP per capita State City % Correct
94,114 Bavaria München
97%
76,495 / Hamburg
90%
111,238 Hesse Frankfurt am Main
89%
96,326 North Rhine-Westphalia Düsseldorf
83%
106,902 Baden-Württemberg Stuttgart
81%
94,820 North Rhine-Westphalia Bonn
67%
150,922 Bavaria Ingolstadt
60%
215,297 Lower Saxony Wolfsburg
57%
80,042 Baden-Württemberg Mannheim
55%
103,036 Baden-Württemberg Freiburg
52%
91,183 Baden-Württemberg Ulm
50%
77,377 Baden-Württemberg Karlsruhe
47%
103,036 Bavaria Regensburg
47%
75,739 Bavaria Würzburg
40%
92,185 Lower Saxony Braunschweig
38%
80,856 Rhineland-Palatinate Koblenz
36%
80,360 Bavaria Passau
34%
91,990 Hesse Darmstadt
33%
96,073 Rhineland-Palatinate Ludwigshafen am Rhein
33%
115,853 Bavaria Erlangen
32%
75,530 Bavaria Bayreuth
28%
87,985 Bavaria Aschaffenburg
15%
124,757 Bavaria Schweinfurt
14%
115,788 Bavaria Coburg
9%
86,181 Lower Saxony Emden
3%
No matching quizzes found
Score Distribution
Percent of People with Each Score
Percentile by Number Answered
Your Score History
You have not taken this quiz